Solar magnetic fields (Record no. 16271)
[ view plain ]
| 000 -LEADER | |
|---|---|
| fixed length control field | 00659nam a2200205Ia 4500 |
| 003 - CONTROL NUMBER IDENTIFIER | |
| control field | IN-BaIIA |
| 008 - FIXED-LENGTH DATA ELEMENTS--GENERAL INFORMATION | |
| fixed length control field | 211028s9999 xx 000 0 eng d |
| 020 ## - INTERNATIONAL STANDARD BOOK NUMBER | |
| International Standard Book Number | 0-7923-2793-4 |
| 040 ## - CATALOGING SOURCE | |
| Transcribing agency | IIA Library |
| 080 ## - UNIVERSAL DECIMAL CLASSIFICATION NUMBER | |
| Universal Decimal Classification number | 52(082.2) |
| Item number | ASS-189 |
| 100 ## - MAIN ENTRY--PERSONAL NAME | |
| Personal name | Stenflo, Jan Olof |
| 9 (RLIN) | 19303 |
| 245 #0 - TITLE STATEMENT | |
| Title | Solar magnetic fields |
| Remainder of title | polarized radiation diagnostics |
| Statement of responsibility, etc. | Jan Olof Stenflo |
| 260 ## - PUBLICATION, DISTRIBUTION, ETC. | |
| Place of publication, distribution, etc. | Dordrecht |
| Name of publisher, distributor, etc. | Kluwer Academic |
| Date of publication, distribution, etc. | 1994 |
| 300 ## - PHYSICAL DESCRIPTION | |
| Extent | xv, 385p. |
| 490 ## - SERIES STATEMENT | |
| Series statement | Astrophysics and space science library; v. 189 |
| 650 ## - SUBJECT ADDED ENTRY--TOPICAL TERM | |
| Topical term or geographic name entry element | Magnetic fields |
| 9 (RLIN) | 530 |
| 650 ## - SUBJECT ADDED ENTRY--TOPICAL TERM | |
| Topical term or geographic name entry element | Solar magnetism |
| 9 (RLIN) | 30104 |
| 650 ## - SUBJECT ADDED ENTRY--TOPICAL TERM | |
| Topical term or geographic name entry element | Solar physics |
| 942 ## - ADDED ENTRY ELEMENTS (KOHA) | |
| Koha item type | Books |
| Withdrawn status | Lost status | Damaged status | Not for loan | Home library | Current library | Shelving location | Date acquired | Source of acquisition | Cost, normal purchase price | Total Checkouts | Full call number | Barcode | Date last seen | Cost, replacement price | Price effective from | Koha item type | Purchase Price |
|---|---|---|---|---|---|---|---|---|---|---|---|---|---|---|---|---|---|
| IIA Library-Bangalore | IIA Library-Kodaikanal | General Stacks | 06/11/2006 | PBPL | 10539.00 | 52(082.2)/ ASS-189 | 17193 | 05/11/2021 | 10539.00 | 06/11/2006 | Books | Rs. 10539.00 |